00747 a2200205 4500999001900000005001700019010001500036020003000051035001400081037001600095082001000111100002000121245005300141250000900194260005900203270009800262300003000360942002900390952012200419 c182850d18285020211208113604.0 aENG-130231 c749.00a978-93-544-9502-1 aEN-113763 bDBAD / PUB a338.7 aFernandez, Agna aFernando's Business Enivornment:cAgna Fernandez a2022 aNoidabPearson India Education Services Pvt Ltd.c2022 bUttar Pradeshe201301a15th Floor, Tower-B, World Trade Tower, Plot No. 1, Block-C, Sector 16 axxix, E.351p.c24cm (pbk) adplcEN2ddch338.7mFER 001040708NFICaBL4bBL4d2021-12-08eDBAD/PUBg749.00l0o338.7 FERpEN-113763r2021-12-08 00:00:00t1v749.00yEN